Inventarios y balances (Registro nro. 1915)
[ vista simple ]
| 000 -LEADER | |
|---|---|
| fixed length control field | 00949 a2200217 4500 |
| 001 - CONTROL NUMBER | |
| control field | 29636 |
| 005 - DATE AND TIME OF LATEST TRANSACTION | |
| control field | 20260407155606.0 |
| 008 - FIXED-LENGTH DATA ELEMENTS--GENERAL INFORMATION | |
| fixed length control field | 260407a1953 arg spa d |
| 003 - CONTROL NUMBER IDENTIFIER | |
| control field | AR-UNSa-BCEJYS |
| 040 ## - CATALOGING SOURCE | |
| Original cataloging agency | AR-UNSa-BCEJYS |
| Language of cataloging | spa |
| Transcribing agency | AR-UNSa-BCEJYS |
| 080 ## - UNIVERSAL DECIMAL CLASSIFICATION NUMBER | |
| Universal Decimal Classification number | 657.36 |
| Common auxiliary subdivision | Balances de comprobación (balance estimativo). Balances de saldo. Balance intermedio |
| 100 1# - MAIN ENTRY--PERSONAL NAME | |
| Personal name | Batardon, Leon |
| 245 10 - TITLE STATEMENT | |
| Title | Inventarios y balances |
| 250 ## - EDITION STATEMENT | |
| Edition statement | 3a. ed |
| 264 #1 - PRODUCTION, PUBLICATION, DISTRIBUTION, MANUFACTURE, AND COPYRIGHT NOTICE | |
| Place of production, publication, distribution, manufacture | Barcelona : |
| Name of producer, publisher, distributor, manufacturer | Labor |
| Date of production, publication, distribution, manufacture, or copyright notice | 1953 |
| 300 ## - PHYSICAL DESCRIPTION | |
| Extent | 357 p. |
| Dimensions | 20 cm. |
| 505 ## - FORMATTED CONTENTS NOTE | |
| Formatted contents note | 1. La teoría de la invariabilidad del capital - 2. Balance preparatorio - 3. Regularización de cuentas - 4. Balance general de cuentas y cierre de libros - 5. Balance de invetario - 6. Liquidación de pérdidas y ganancias - 7. Reservas - 8. Distribución de beneficios - 9. Interés del capital - 10. Cuestiones especiales |
| 590 ## - LOCAL NOTE (RLIN) | |
| Local note | niveau_biblio:m niveau_hierar:0 |
| 700 1# - ADDED ENTRY--PERSONAL NAME | |
| Personal name | Boter, Fernando |
| 942 ## - ADDED ENTRY ELEMENTS (KOHA) | |
| Koha item type | |
| Withdrawn status | Lost status | Damaged status | Not for loan | Home library | Current library | Shelving location | Date acquired | Total checkouts | Full call number | Barcode | Date last seen | Price effective from | Koha item type |
|---|---|---|---|---|---|---|---|---|---|---|---|---|---|
| Biblioteca Prof. Eusebio Cleto del Rey | Biblioteca Prof. Eusebio Cleto del Rey | 07/04/2026 | 657.36 B328 | L20012 | 07/04/2026 | 07/04/2026 | Libro | ||||||
| Biblioteca Prof. Eusebio Cleto del Rey | Biblioteca Prof. Eusebio Cleto del Rey | 07/04/2026 | 657.36 B328 | L22887 | 07/04/2026 | 07/04/2026 | Libro | ||||||
| Biblioteca Prof. Eusebio Cleto del Rey | Biblioteca Prof. Eusebio Cleto del Rey | 07/04/2026 | 657.36 B328 | L20013 | 07/04/2026 | 07/04/2026 | Libro | ||||||
| Biblioteca Prof. Eusebio Cleto del Rey | Biblioteca Prof. Eusebio Cleto del Rey | 07/04/2026 | 657.36 B328 | L22888 | 07/04/2026 | 07/04/2026 | Libro | ||||||
| Biblioteca Prof. Eusebio Cleto del Rey | Biblioteca Prof. Eusebio Cleto del Rey | 07/04/2026 | 657.36 B328 | L22392 | 07/04/2026 | 07/04/2026 | Libro |